Normal view
MARC view
- Potdar G.P.& Ingale R.B
Entry Personal Name
001 - CONTROL NUMBER
- control field: 188028
003 - CONTROL NUMBER IDENTIFIER
- control field: OSt
005 - DATE AND TIME OF LATEST TRANSACTION
- control field: 20230714210850.0
008 - FIXED-LENGTH DATA ELEMENTS
- fixed length control field: 230714|| aca||aabn | a|a d
040 ## - CATALOGING SOURCE
- Original cataloging agency: OSt
- Transcribing agency: OSt
100 ## - HEADING--PERSONAL NAME
- Personal name: Potdar G.P.& Ingale R.B
670 ## - SOURCE DATA FOUND
- Source citation: Work cat.: (OSt)181301: Potdar G.P., Computer Graphics, 2000